000 00886nam a2200289 a 4500
999 _c23449
_d23449
001 vtls010681499
005 20221011074231.0
008 160430s2015 xo g 000 f slo
020 _a9788055144269 (viaz.)
035 _a73658D5D-AD04-40BF-950B-D4C92BBFE41E
035 _aurn:nbn:sk:snk-amjzsu
035 _aurn:nbn:sk:snk-am005c0r
040 _aSNK
_bslo
_cSNK
_eAACR2
041 0 _aslo
044 _axo
_cSK
072 7 _a821.162.4-3
_xSlovenská próza
_2konspekt
080 _a821.162.4-31
_22001
100 1 _aKeleová-Vasilková, Táňa,
_d1964-
_92015
245 1 0 _aManželky
_cTáňa Keleová-Vasilková
250 _a2. vyd.
260 _aBratislava
_bIkar
_c2015
300 _a319 s.
_c21 cm
655 7 _aslovenské romány
_2SNKPH
_91694
655 7 _aSlovak fiction
_2SNKPHeng
_91695
958 _aLX